Physiologie du séducteur (Record no. 7967)

MARC details
000 -CABECERA
campo de control de longitud fija 00590nam a2200217 a 4500
001 - NÚMERO DE CONTROL
campo de control BRCA_8299
005 - FECHA Y HORA DE LA ÚLTIMA TRANSACCIÓN
campo de control 20190320210221.0
008 - DATOS DE LONGITUD FIJA--INFORMACIÓN GENERAL
campo de control de longitud fija 180614s1900----fr-a###f##---#000-0#fre-#
041 ## - CÓDIGO DE LENGUA
Código de lengua del texto/banda sonora o título independiente fre
044 ## - CÓDIGO DEL PAÍS DE LA ENTIDAD EDITORA/PRODUCTORA
Código MARC del país fr
050 #4 - SIGNATURA TOPOGRÁFICA DE LA BIBLIOTECA DEL CONGRESO
Número de clasificación PQ2635
Número de documento/Ítem .D65 1900
100 1# - ENTRADA PRINCIPAL--NOMBRE DE PERSONA
Nombre de persona Doinet, Victor
9 (RLIN) 20721
245 10 - MENCIÓN DE TÍTULO
Título Physiologie du séducteur
Mención de responsabilidad, etc. par Victor Doinet.
260 ## - PUBLICACIÓN, DISTRIBUCIÓN, ETC.
Lugar de publicación, distribución, etc. Paris
Nombre del editor, distribuidor, etc. Rozier
Fecha de publicación, distribución, etc. [1900]
300 ## - DESCRIPCIÓN FÍSICA
Extensión 1 v. (paginación variada)
Otras características físicas il.
Dimensiones 13 cm.
500 ## - NOTA GENERAL
Nota general Estado físico: lomo roto y desprendido
500 ## - NOTA GENERAL
Nota general S113
650 14 - PUNTO DE ACCESO ADICIONAL DE MATERIA--TÉRMINO DE MATERIA
Término de materia o nombre geográfico como elemento de entrada Seducción
Subdivisión de forma Literatura
9 (RLIN) 20722
902 ## - CATALOGADOR
Iniciales GFM
942 ## - ELEMENTOS DE PUNTO DE ACCESO ADICIONAL (KOHA)
Fuente del sistema de clasificación o colocación Library of Congress Classification
Tipo de ítem Koha Libros
Holdings
Estado de retiro Estado de pérdida Estado dañado No para préstamo Localización permanente Ubicación/localización actual Fecha de adquisición Número de inventario Total de préstamos Signatura topográfica completa Código de barras Fecha visto por última vez Precio válido a partir de Tipo de ítem Koha
El ejemplar forma parte de la colección y puede ser consultado según las políticas vigentes.       Biblioteca del Museo Franz Mayer (Rogerio Casas-Alatriste) Biblioteca del Museo Franz Mayer (Rogerio Casas-Alatriste) 18/06/2014 S113   PQ2635 .D65 1900 (S113) 8923 22/03/2019 22/03/2019 Libros